00470pab a2200157 454500008004000000100003100040245007400071260000900145300001400154650003000168650002500198650001800223700001900241700001900260773003300279180718b2001 xxu||||| |||| 00| 0 eng d aFeridhanusetyawan, Tubagus aAPEC labour markets: structural change and the Asian financial crisis c2001 ap.491-532 aEconomic recession - Asia aLabour market - Asia aLabour market aToner, Phillip aStahl, Charles aJournal of Contemporary Asia